[Event "European Corporate"]
[Site "Asnieres sur Seine"]
[Date "2024.11.23"]
[Round "8.6"]
[White "Guttulsrud, Odd Martin"]
[Black "Grinev, Valeriy"]
[Result "0-1"]
[WhiteElo "2257"]
[BlackElo "2418"]
[PlyCount "86"]
[EventDate "2024.11.22"]
[EventType "team-swiss"]
[EventRounds "9"]
[EventCountry "FRA"]
[SourceTitle "CB48_2024"]
[SourceDate "2024.11.28"]
[SourceVersion "1"]
[SourceVersionDate "2024.11.28"]
[SourceQuality "1"]
[WhiteTeam "KPMG"]
[BlackTeam "Greco"]
[WhiteTeamCountry "NOR"]
[BlackTeamCountry "UKR"]

1. e4 c5 2. Nf3 e6 3. d4 cxd4 4. Nxd4 a6 5. Bd3 Bc5 6. Nb3 Ba7 7. 0-0 Nc6 8. Qe2 Nge7 9. Nc3 0-0 10. Be3 b5 11. Bxa7 Rxa7 12. a4 b4 13. Nd1 Ne5 14. f4 Nxd3 15. cxd3 Rc7 16. Ne3 Bb7 17. Qh5 f5 18. e5 Qe8 19. Qxe8 Rxe8 20. Rac1 Bc6 21. Rc4 Rb8 22. a5 Ra7 23. Rfc1 Kf7 24. Kf2 Nd5 25. Nd4 Nxf4 26. Nxc6 Nxd3+ 27. Kf1 dxc6 28. R1c2 Nxe5 29. Rc5 Rb5 30. b3 Kf6 31. Ke2 Rxc5 32. Rxc5 Rb7 33. Nc2 g5 34. Nd4 Rd7 35. Nxc6 Nd3 36. Rc4 Nf4+ 37. Kf1 Rd1+ 38. Kf2 Rd2+ 39. Kf1 Nxg2 40. Nxb4 Ne3+ 41. Ke1 Nxc4 42. bxc4 Rd4 43. Nxa6 Rxc4 0-1

[Event "Bamberg op 6th"]
[Site "Bamberg"]
[Date "2024.09.08"]
[Round "7"]
[White "Grinev, Valeriy"]
[Black "Honisch, Alexander"]
[Result "1-0"]
[WhiteElo "2422"]
[BlackElo "2246"]
[PlyCount "57"]
[EventDate "2024.09.04"]
[EventType "swiss"]
[EventRounds "7"]
[EventCountry "GER"]
[SourceTitle "EXT 2025"]
[Source "ChessBase"]
[SourceDate "2024.10.14"]
[SourceVersion "1"]
[SourceVersionDate "2024.10.14"]
[SourceQuality "1"]

1. d4 Nf6 2. c4 e6 3. Nc3 Bb4 4. e3 0-0 5. Bd2 c5 6. a3 Bxc3 7. Bxc3 Ne4 8. Ne2 d6 9. dxc5 dxc5 10. Qc2 Nxc3 11. Nxc3 Nd7 12. Bd3 h6 13. 0-0-0 Qe7 14. g4 b6 15. f4 Bb7 16. Rhg1 Rfd8 17. g5 Nf8 18. gxh6 g6 19. Rde1 Rd7 20. Be4 Rad8 21. Bxb7 Rxb7 22. Ne4 f5 23. Ng5 Qf6 24. Rd1 Rbd7 25. Rxd7 Rxd7 26. Rd1 Rxd1+ 27. Qxd1 Qe7 28. Qf3 Qd8 29. Qb7 1-0

[Event "Titled Tuesday intern op 03rd Sep Early"]
[Site "Chess.com INT"]
[Date "2024.09.03"]
[Round "6"]
[White "Chernov, Mikhail"]
[Black "Grinev, Valeriy"]
[Result "0-1"]
[WhiteElo "2167"]
[BlackElo "2422"]
[PlyCount "54"]
[EventDate "2024.09.03"]
[EventType "swiss (blitz)"]
[EventRounds "11"]
[EventCountry "USA"]
[SourceTitle "EXT 2025"]
[Source "ChessBase"]
[SourceDate "2024.10.14"]
[SourceVersion "1"]
[SourceVersionDate "2024.10.14"]
[SourceQuality "1"]

1. e4 c5 2. c3 g6 3. d4 Bg7 4. Nf3 cxd4 5. cxd4 d5 6. exd5 Qxd5 7. Nc3 Qd8 8. Bc4 Nf6 9. h3 0-0 10. 0-0 b6 11. Ne5 Bb7 12. Qb3 e6 13. Rd1 Nc6 14. Nxc6 Bxc6 15. Bxe6 Bxg2 16. Bxf7+ Rxf7 17. Kxg2 Qd7 18. Rd3 Kh8 19. Bg5 Raf8 20. Rf1 Qf5 21. Bxf6 Qxd3 22. Bxg7+ Kxg7 23. Qd5 Rf5 24. Qe4 Rg5+ 25. Kh2 Qxf1 26. Qe7+ Rf7 27. Qxg5 Rxf2+ 0-1

[Event "Titled Tuesday intern op 03rd Sep Late"]
[Site "Chess.com INT"]
[Date "2024.09.03"]
[Round "11"]
[White "Grinev, Valeriy"]
[Black "Papasimakopoulos, Alexandros"]
[Result "1-0"]
[WhiteElo "2422"]
[BlackElo "2372"]
[PlyCount "103"]
[EventDate "2024.09.03"]
[EventType "swiss (blitz)"]
[EventRounds "11"]
[EventCountry "USA"]
[SourceTitle "EXT 2025"]
[Source "ChessBase"]
[SourceDate "2024.10.14"]
[SourceVersion "1"]
[SourceVersionDate "2024.10.14"]
[SourceQuality "1"]

1. d4 h5 2. c4 h4 3. Nc3 d6 4. e4 g6 5. Be3 Bg7 6. Qd2 c6 7. Bd3 Nd7 8. h3 a6 9. Nge2 b5 10. 0-0 Ngf6 11. f4 bxc4 12. Bxc4 d5 13. exd5 Nb6 14. Bd3 cxd5 15. f5 gxf5 16. Bxf5 Nc4 17. Qc1 Bxf5 18. Rxf5 Qd7 19. Rf3 Nxe3 20. Qxe3 Rb8 21. b3 Rb6 22. Na4 Re6 23. Qd3 Ne4 24. Raf1 0-0 25. Nf4 Rf6 26. Nh5 Rxf3 27. Rxf3 Bh6 28. Qxa6 Kh7 29. Nc5 Nxc5 30. dxc5 Bg5 31. Qd3+ f5 32. Nf4 e6 33. b4 Bf6 34. Nh5 Bg5 35. Nf4 Rd8 36. b5 e5 37. Nxd5 Qxd5 38. Qxf5+ Kh6 39. c6 Qc4 40. c7 Rd1+ 41. Kh2 Qxc7 42. Qe6+ Kg7 43. b6 Qe7 44. Qg4 e4 45. Rf4 Kh6 46. b7 Qe5 47. b8Q Bxf4+ 48. Qxf4+ Qxf4+ 49. Qxf4+ Kg6 50. Qxe4+ Kg5 51. Qg4+ Kf6 52. Qxd1 1-0

[Event "Titled Tuesday intern op 03rd Sep Early"]
[Site "Chess.com INT"]
[Date "2024.09.03"]
[Round "7"]
[White "Grinev, Valeriy"]
[Black "Raznikov, Danny"]
[Result "0-1"]
[WhiteElo "2422"]
[BlackElo "2466"]
[PlyCount "136"]
[EventDate "2024.09.03"]
[EventType "swiss (blitz)"]
[EventRounds "11"]
[EventCountry "USA"]
[SourceTitle "EXT 2025"]
[Source "ChessBase"]
[SourceDate "2024.10.14"]
[SourceVersion "1"]
[SourceVersionDate "2024.10.14"]
[SourceQuality "1"]

1. e4 c5 2. Nf3 d6 3. Bb5+ Bd7 4. a4 Nf6 5. Nc3 a6 6. Bxd7+ Nbxd7 7. 0-0 e6 8. Re1 Be7 9. d3 Ne5 10. Nxe5 dxe5 11. f4 exf4 12. Bxf4 0-0 13. Kh1 Qd7 14. Qf3 b5 15. axb5 axb5 16. Be5 Qc6 17. h3 Nd7 18. Bf4 b4 19. Ne2 Bf6 20. c3 g6 21. Bh6 Rxa1 22. Rxa1 Ra8 23. Rxa8+ Qxa8 24. Kh2 bxc3 25. bxc3 Qb8+ 26. Bf4 Qb2 27. c4 Be5 28. Ng3 Qd4 29. Ne2 Qb2 30. Kg3 h5 31. Qe3 Kg7 32. Bxe5+ Qxe5+ 33. Kf2 Qf6+ 34. Qf3 Qb2 35. Qe3 Ne5 36. Kg3 Qb3 37. Nc1 Qb4 38. Kf2 f6 39. Ke2 g5 40. h4 g4 41. Qf4 Qb2+ 42. Qd2 Qd4 43. Qe3 Qb2+ 44. Qd2 Qb1 45. Na2 Nc6 46. Nc3 Nd4+ 47. Kf2 Qh1 48. Ne2 Qxh4+ 49. Kg1 e5 50. Nxd4 exd4 51. Qf2 Qxf2+ 52. Kxf2 h4 53. Ke2 Kg6 54. Kf2 f5 55. Ke2 f4 56. Kf2 Kf6 57. Ke2 Ke5 58. Kf2 Kf6 59. Ke2 Kg5 60. Kf2 Kh5 61. Ke2 h3 62. gxh3 gxh3 63. Kf3 Kg5 64. Kf2 Kg4 65. Kg1 f3 66. Kf2 h2 67. e5 h1Q 68. e6 Qg2+ 0-1

[Event "Titled Tuesday intern op 03rd Sep Late"]
[Site "Chess.com INT"]
[Date "2024.09.03"]
[Round "8"]
[White "Harshavardhan, GB."]
[Black "Grinev, Valeriy"]
[Result "1-0"]
[WhiteElo "2405"]
[BlackElo "2422"]
[PlyCount "67"]
[EventDate "2024.09.03"]
[EventType "swiss (blitz)"]
[EventRounds "11"]
[EventCountry "USA"]
[SourceTitle "EXT 2025"]
[Source "ChessBase"]
[SourceDate "2024.10.14"]
[SourceVersion "1"]
[SourceVersionDate "2024.10.14"]
[SourceQuality "1"]

1. e4 c6 2. d4 d5 3. exd5 cxd5 4. c4 Nf6 5. Nc3 e6 6. cxd5 Nxd5 7. Bd3 Nc6 8. Nf3 Be7 9. 0-0 0-0 10. Re1 Nf6 11. Bg5 Nd5 12. Bd2 Nf6 13. Bf4 b6 14. a3 Bb7 15. Rc1 Rc8 16. Bb1 Nd5 17. Qd3 g6 18. Bh6 Re8 19. Ne4 Bf8 20. Qd2 Bg7 21. h4 Qe7 22. h5 Bxh6 23. Qxh6 Rcd8 24. Neg5 Nf6 25. Ne5 Nxd4 26. Ng4 Rc8 27. Rxc8 Rxc8 28. hxg6 hxg6 29. Bxg6 fxg6 30. Qxg6+ Qg7 31. Nxf6+ Kf8 32. Ngh7+ Ke7 33. Qxg7+ Kd6 34. Qxb7 1-0

[Event "Titled Tuesday intern op 03rd Sep Early"]
[Site "Chess.com INT"]
[Date "2024.09.03"]
[Round "8"]
[White "Zambrano Rodriguez, Alexander"]
[Black "Grinev, Valeriy"]
[Result "0-1"]
[WhiteElo "2184"]
[BlackElo "2422"]
[PlyCount "66"]
[EventDate "2024.09.03"]
[EventType "swiss (blitz)"]
[EventRounds "11"]
[EventCountry "USA"]
[SourceTitle "EXT 2025"]
[Source "ChessBase"]
[SourceDate "2024.10.14"]
[SourceVersion "1"]
[SourceVersionDate "2024.10.14"]
[SourceQuality "1"]

1. e4 c6 2. c4 d5 3. cxd5 cxd5 4. exd5 Nf6 5. d4 Nxd5 6. Nf3 Nc6 7. Nc3 e6 8. Bd3 Be7 9. 0-0 0-0 10. a3 Bf6 11. Ne4 Bxd4 12. Nxd4 Nxd4 13. Qh5 Nf5 14. g4 Nfe7 15. Ng5 h6 16. Ne4 Nf4 17. Bxf4 Qxd3 18. Rfe1 Qd5 19. g5 Ng6 20. Bd6 Rd8 21. Rad1 Qf5 22. Rd3 e5 23. h3 Nf4 24. Qf3 Nxd3 25. Qxd3 hxg5 26. Re3 Be6 27. Rg3 f6 28. h4 gxh4 29. Rg2 Rd7 30. Qe3 Bd5 31. Nxf6+ Qxf6 32. Bxe5 Qf3 33. Qxf3 Bxf3 0-1

[Event "Titled Tuesday intern op 27th Aug Early"]
[Site "Chess.com INT"]
[Date "2024.08.27"]
[Round "11"]
[White "Aradhya, Garg"]
[Black "Grinev, Valeriy"]
[Result "1/2-1/2"]
[WhiteElo "2412"]
[BlackElo "2422"]
[PlyCount "72"]
[EventDate "2024.08.27"]
[EventType "swiss (blitz)"]
[EventRounds "11"]
[EventCountry "USA"]
[SourceTitle "EXT 2025"]
[Source "ChessBase"]
[SourceDate "2024.10.14"]
[SourceVersion "1"]
[SourceVersionDate "2024.10.14"]
[SourceQuality "1"]

1. d4 d5 2. c4 dxc4 3. e4 b5 4. a4 c6 5. Nc3 Qb6 6. Be3 a6 7. d5 Qb7 8. Nf3 Nf6 9. Be2 e6 10. d6 Nbd7 11. 0-0 b4 12. e5 bxc3 13. exf6 cxb2 14. Rb1 Nxf6 15. Bd4 Nd5 16. Bxc4 Bxd6 17. Rxb2 Qc7 18. Bxg7 Rg8 19. Bd4 c5 20. Bxd5 exd5 21. Re1+ Be6 22. Bf6 Rg6 23. Qxd5 Rb8 24. Rxe6+ fxe6 25. Qxe6+ Kf8 26. Rxb8+ Qxb8 27. g3 Qd8 28. Ng5 Rxf6 29. Nxh7+ Kg7 30. Nxf6 Qxf6 31. Qc8 Qe7 32. Qxa6 Qe1+ 33. Kg2 Qe4+ 34. Kg1 Qe1+ 35. Kg2 Qe4+ 36. Kg1 Qe1+ 1/2-1/2

[Event "Titled Tuesday intern op 27th Aug Late"]
[Site "Chess.com INT"]
[Date "2024.08.27"]
[Round "9"]
[White "Grinev, Valeriy"]
[Black "Krivenko, Dion"]
[Result "1-0"]
[WhiteElo "2422"]
[BlackElo "2268"]
[PlyCount "45"]
[EventDate "2024.08.27"]
[EventType "swiss (blitz)"]
[EventRounds "11"]
[EventCountry "USA"]
[SourceTitle "EXT 2025"]
[Source "ChessBase"]
[SourceDate "2024.10.14"]
[SourceVersion "1"]
[SourceVersionDate "2024.10.14"]
[SourceQuality "1"]

1. d4 Nf6 2. c4 e6 3. Nf3 d5 4. e3 c6 5. Nbd2 Bd6 6. Bd3 Nbd7 7. 0-0 0-0 8. e4 dxe4 9. Nxe4 Nxe4 10. Bxe4 Nf6 11. Bc2 Re8 12. Bg5 h6 13. Bh4 Be7 14. Qd3 c5 15. Rad1 cxd4 16. Nxd4 Bc5 17. Bxf6 Qxf6 18. Qh7+ Kf8 19. Nb5 Bb6 20. c5 Bd8 21. Nd6 g5 22. Ba4 Re7 23. Ne4 1-0

[Event "Titled Tuesday intern op 27th Aug Early"]
[Site "Chess.com INT"]
[Date "2024.08.27"]
[Round "1"]
[White "Grinev, Valeriy"]
[Black "Meszaros, Gyorgy"]
[Result "1-0"]
[WhiteElo "2422"]
[BlackElo "2200"]
[PlyCount "79"]
[EventDate "2024.08.27"]
[EventType "swiss (blitz)"]
[EventRounds "11"]
[EventCountry "USA"]
[SourceTitle "EXT 2025"]
[Source "ChessBase"]
[SourceDate "2024.10.14"]
[SourceVersion "1"]
[SourceVersionDate "2024.10.14"]
[SourceQuality "1"]

1. d4 g6 2. c4 Bg7 3. Nf3 e6 4. g3 h6 5. Bg2 Ne7 6. b3 d5 7. Nbd2 c5 8. Bb2 cxd4 9. Nxd4 e5 10. N4f3 d4 11. 0-0 Nbc6 12. e3 dxe3 13. fxe3 0-0 14. Qe2 Be6 15. Rad1 Qc7 16. Ne4 b6 17. Nc3 Rfd8 18. e4 a6 19. Nd5 Bxd5 20. exd5 Nd4 21. Nxd4 exd4 22. Bxd4 Bxd4+ 23. Rxd4 Qc5 24. Qf2 Nf5 25. Rd2 Qxf2+ 26. Kxf2 h5 27. Re1 Kf8 28. h3 Ra7 29. g4 hxg4 30. hxg4 Nd6 31. Kg3 Rc7 32. Rc2 Rdc8 33. Kf4 b5 34. Ke5 Re7+ 35. Kxd6 Rxe1 36. c5 Ree8 37. c6 Red8+ 38. Kc5 Ke7 39. Re2+ Kf6 40. d6 1-0

[Event "Titled Tuesday intern op 27th Aug Late"]
[Site "Chess.com INT"]
[Date "2024.08.27"]
[Round "3"]
[White "Jing, Andrew"]
[Black "Grinev, Valeriy"]
[Result "0-1"]
[WhiteElo "2141"]
[BlackElo "2422"]
[PlyCount "108"]
[EventDate "2024.08.27"]
[EventType "swiss (blitz)"]
[EventRounds "11"]
[EventCountry "USA"]
[SourceTitle "EXT 2025"]
[Source "ChessBase"]
[SourceDate "2024.10.14"]
[SourceVersion "1"]
[SourceVersionDate "2024.10.14"]
[SourceQuality "1"]

1. d4 d5 2. c4 dxc4 3. Nf3 Nf6 4. e3 e6 5. Bxc4 a6 6. 0-0 b5 7. Be2 Bb7 8. a4 b4 9. Nbd2 Nbd7 10. Nc4 c5 11. dxc5 Nxc5 12. Nd4 Be7 13. Bf3 Nd5 14. e4 Nb6 15. Nxb6 Qxb6 16. e5 0-0 17. Bxb7 Qxb7 18. Be3 Rfd8 19. Qg4 Rd5 20. f4 Rad8 21. Nf3 Rd3 22. Bxc5 Bxc5+ 23. Kh1 b3 24. h4 Bd4 25. Rab1 Qe4 26. Rfd1 Bf2 27. Ng5 Rxd1+ 28. Rxd1 Rxd1+ 29. Qxd1 Qe1+ 30. Qxe1 Bxe1 31. Nf3 Bg3 32. Nd2 Bxf4 33. Nxb3 Bxe5 34. Nc5 a5 35. Nb7 Bc7 36. Kg1 Kf8 37. Kf1 Ke7 38. Ke2 Bb6 39. b4 axb4 40. a5 Ba7 41. Kd3 Kd7 42. Kc4 Kc7 43. a6 Bf2 44. Na5 Kb6 45. Kxb4 Be1+ 46. Ka4 Bxa5 47. a7 Kxa7 48. Kxa5 Kb7 49. Kb5 Kc7 50. Kc5 Kd7 51. Kd4 Kd6 52. Ke4 f5+ 53. Kf4 Ke7 54. h5 Kf6 0-1

[Event "Titled Tuesday intern op 27th Aug Early"]
[Site "Chess.com INT"]
[Date "2024.08.27"]
[Round "4"]
[White "Plat, Vojtech"]
[Black "Grinev, Valeriy"]
[Result "1/2-1/2"]
[WhiteElo "2477"]
[BlackElo "2422"]
[PlyCount "88"]
[EventDate "2024.08.27"]
[EventType "swiss (blitz)"]
[EventRounds "11"]
[EventCountry "USA"]
[SourceTitle "EXT 2025"]
[Source "ChessBase"]
[SourceDate "2024.10.14"]
[SourceVersion "1"]
[SourceVersionDate "2024.10.14"]
[SourceQuality "1"]

1. e4 c6 2. Nf3 d5 3. d3 Qc7 4. Nc3 dxe4 5. Nxe4 Bg4 6. Be2 Nd7 7. 0-0 Ngf6 8. Ng3 e6 9. Be3 Be7 10. Nd2 Bxe2 11. Qxe2 0-0 12. Nde4 Nxe4 13. dxe4 Rfd8 14. c3 Nf6 15. Rad1 Rxd1 16. Rxd1 b6 17. Bd4 Rd8 18. Bxf6 Bxf6 19. Kf1 Be5 20. Rd3 Rxd3 21. Qxd3 Bxg3 22. hxg3 e5 23. Ke2 Kf8 24. Qd2 f6 25. Qd3 Ke7 26. Qc4 Qc8 27. a4 Qe6 28. Qa6 Qd7 29. Qc4 Qe6 30. Qxe6+ Kxe6 31. Kd3 b5 32. axb5 cxb5 33. c4 Kd6 34. b4 a6 35. c5+ Kc6 36. f4 g5 37. Ke3 g4 38. fxe5 fxe5 39. Kd3 h6 40. Kc3 h5 41. Kb3 Kc7 42. Kc3 Kc6 43. Kb3 Kc7 44. Kc3 Kc6 1/2-1/2

[Event "Titled Tuesday intern op 20th Aug Early"]
[Site "Chess.com INT"]
[Date "2024.08.20"]
[Round "7"]
[White "Grinev, Valeriy"]
[Black "Antoniou, Rafail"]
[Result "0-1"]
[WhiteElo "2422"]
[BlackElo "2007"]
[PlyCount "72"]
[EventDate "2024.08.20"]
[EventType "swiss (blitz)"]
[EventRounds "11"]
[EventCountry "USA"]
[SourceTitle "EXT 2025"]
[Source "ChessBase"]
[SourceDate "2024.10.14"]
[SourceVersion "1"]
[SourceVersionDate "2024.10.14"]
[SourceQuality "1"]

1. d4 d6 2. c4 Nf6 3. Nc3 Nbd7 4. Nf3 c6 5. g3 Qc7 6. Bg2 e5 7. e4 Be7 8. 0-0 0-0 9. h3 Re8 10. b3 b6 11. Bb2 Bb7 12. Kh2 c5 13. dxc5 Nxc5 14. Nd5 Qd7 15. Nxf6+ Bxf6 16. Nd2 Rad8 17. Qc2 Ne6 18. Nf3 Qc6 19. Rfe1 b5 20. Rac1 Rc8 21. Bf1 Qb6 22. Red1 Nc5 23. Nd2 Ne6 24. Nf3 g6 25. Kg1 Bg7 26. Qb1 f5 27. Nd2 Bh6 28. cxb5 Bxd2 29. Rxd2 Ng5 30. Bg2 Bxe4 31. Bxe4 Nxe4 32. Rxc8 Rxc8 33. Rc2 Rf8 34. Kg2 f4 35. Rc6 Qxf2+ 36. Kh1 Nxg3# 0-1

[Event "Titled Tuesday intern op 20th Aug Early"]
[Site "Chess.com INT"]
[Date "2024.08.20"]
[Round "11"]
[White "Grinev, Valeriy"]
[Black "Finegold, Benjamin"]
[Result "0-1"]
[WhiteElo "2422"]
[BlackElo "2400"]
[PlyCount "88"]
[EventDate "2024.08.20"]
[EventType "swiss (blitz)"]
[EventRounds "11"]
[EventCountry "USA"]
[SourceTitle "EXT 2025"]
[Source "ChessBase"]
[SourceDate "2024.10.14"]
[SourceVersion "1"]
[SourceVersionDate "2024.10.14"]
[SourceQuality "1"]

1. d4 Nf6 2. c4 c5 3. Nf3 cxd4 4. Nxd4 Nc6 5. g3 g6 6. Bg2 Bg7 7. 0-0 0-0 8. Nc3 d6 9. Nc2 Ng4 10. Bd2 Be6 11. h3 Nge5 12. b3 Qd7 13. Kh2 f5 14. f4 Nf7 15. Rc1 Rac8 16. Ne3 Nh6 17. Ned5 Bf7 18. e4 e6 19. Ne3 Rce8 20. Qf3 Nd4 21. Qf2 Kh8 22. Rce1 Bg8 23. Ne2 fxe4 24. Nxd4 Bxd4 25. Bxe4 d5 26. cxd5 exd5 27. Nxd5 Bxf2 28. Bc3+ Qg7 29. Rxf2 Bxd5 30. Bxg7+ Kxg7 31. Rfe2 Bxe4 32. Rxe4 Rxe4 33. Rxe4 Nf5 34. g4 Nd6 35. Re6 Rf6 36. Re7+ Rf7 37. Re6 Rd7 38. Kg3 Kf7 39. Re5 Re7 40. Rd5 Ne4+ 41. Kf3 Nf6 42. Rd6 Rd7 43. Rxd7+ Nxd7 44. Ke4 Ke6 0-1

[Event "Titled Tuesday intern op 20th Aug Late"]
[Site "Chess.com INT"]
[Date "2024.08.20"]
[Round "5"]
[White "Grinev, Valeriy"]
[Black "Heydarli, Kanan Beyukkishi Og"]
[Result "1/2-1/2"]
[WhiteElo "2422"]
[BlackElo "2224"]
[PlyCount "133"]
[EventDate "2024.08.20"]
[EventType "swiss (blitz)"]
[EventRounds "11"]
[EventCountry "USA"]
[SourceTitle "EXT 2025"]
[Source "ChessBase"]
[SourceDate "2024.10.14"]
[SourceVersion "1"]
[SourceVersionDate "2024.10.14"]
[SourceQuality "1"]

1. e4 d5 2. exd5 Qxd5 3. Nc3 Qa5 4. Nf3 Nf6 5. Be2 c6 6. 0-0 Bf5 7. d4 e6 8. Bf4 Nbd7 9. Re1 Bb4 10. Bd2 0-0 11. a3 Bxc3 12. Bxc3 Qc7 13. h3 Rfe8 14. Bd3 Bxd3 15. Qxd3 Rad8 16. Rad1 Nc5 17. Qe2 Na4 18. Qc4 Nxc3 19. Qxc3 Qb6 20. b3 Rc8 21. Qd2 c5 22. c4 Qxb3 23. Rb1 Qxc4 24. Rxb7 cxd4 25. Rxf7 Ne4 26. Qf4 Nc3 27. Ne5 Ne2+ 28. Rxe2 Qxe2 29. Qg5 Qe1+ 30. Kh2 Qxe5+ 31. Qxe5 Kxf7 32. Qxd4 Re7 33. Qf4+ Kg8 34. Qb4 Rcc7 35. a4 h6 36. h4 Kf7 37. a5 Rcd7 38. h5 Rd5 39. g4 Red7 40. Kg3 Rd4 41. Qc5 Rd3+ 42. f3 R3d5 43. Qc3 Rb7 44. Qc2 Rbd7 45. Qg6+ Kf8 46. Qxe6 R5d6 47. Qf5+ Kg8 48. Qc5 Kf7 49. Qf5+ Kg8 50. f4 Rd3+ 51. Kh4 Rd1 52. Qe6+ Kh7 53. g5 hxg5+ 54. Kxg5 R7d5+ 55. f5 Rg1+ 56. Kf4 Rd4+ 57. Kf3 Rf1+ 58. Ke2 Rff4 59. Qg6+ Kh8 60. h6 Rfe4+ 61. Kf3 gxh6 62. f6 Rf4+ 63. Ke3 Rfe4+ 64. Kf3 Rf4+ 65. Ke3 Rde4+ 66. Kd3 Rd4+ 67. Ke3 1/2-1/2

[Event "Titled Tuesday intern op 20th Aug Early"]
[Site "Chess.com INT"]
[Date "2024.08.20"]
[Round "3"]
[White "Lohani, Sujana"]
[Black "Grinev, Valeriy"]
[Result "1-0"]
[WhiteElo "1806"]
[BlackElo "2422"]
[PlyCount "71"]
[EventDate "2024.08.20"]
[EventType "swiss (blitz)"]
[EventRounds "11"]
[EventCountry "USA"]
[SourceTitle "EXT 2025"]
[Source "ChessBase"]
[SourceDate "2024.10.14"]
[SourceVersion "1"]
[SourceVersionDate "2024.10.14"]
[SourceQuality "1"]

1. e4 c6 2. d4 d5 3. e5 Bf5 4. Nf3 e6 5. Be2 Nd7 6. 0-0 a6 7. Nbd2 h6 8. Nb3 Rc8 9. Be3 c5 10. dxc5 Nxc5 11. Nxc5 Bxc5 12. Bxc5 Rxc5 13. c4 Ne7 14. Qa4+ Qd7 15. Qxd7+ Kxd7 16. b4 Rc7 17. Rfd1 Rhc8 18. Nd4 Bg6 19. c5 Nf5 20. f4 Nxd4 21. Rxd4 Be4 22. Rad1 Ke7 23. Kf2 a5 24. a3 axb4 25. axb4 Ra8 26. R1d2 Ra3 27. Bd3 Bxd3 28. R2xd3 Rxd3 29. Rxd3 Kd7 30. Ra3 Kc6 31. Ra5 Rc8 32. Ke3 b6 33. Ra7 Rc7 34. b5+ Kd7 35. cxb6 d4+ 36. Kxd4 1-0

[Event "Titled Tuesday intern op 20th Aug Late"]
[Site "Chess.com INT"]
[Date "2024.08.20"]
[Round "9"]
[White "Thorhallsson, Simon"]
[Black "Grinev, Valeriy"]
[Result "1-0"]
[WhiteElo "2181"]
[BlackElo "2422"]
[PlyCount "55"]
[EventDate "2024.08.20"]
[EventType "swiss (blitz)"]
[EventRounds "11"]
[EventCountry "USA"]
[SourceTitle "EXT 2025"]
[Source "ChessBase"]
[SourceDate "2024.10.14"]
[SourceVersion "1"]
[SourceVersionDate "2024.10.14"]
[SourceQuality "1"]

1. e4 c6 2. Nf3 d5 3. d3 Qc7 4. Nc3 dxe4 5. dxe4 Bg4 6. h3 Bxf3 7. Qxf3 Nd7 8. Bf4 e5 9. Be3 Bc5 10. Bc4 Ngf6 11. a4 0-0 12. g4 Qb6 13. 0-0-0 Bxe3+ 14. fxe3 Qb4 15. Ba2 Nc5 16. g5 Nfxe4 17. Nxe4 Nxe4 18. h4 Qxa4 19. Kb1 Qb4 20. Ka1 Nd2 21. Qf2 Nc4 22. c3 Qc5 23. Rd7 b5 24. Rf1 f6 25. gxf6 Rxf6 26. Rxg7+ Kxg7 27. Qxf6+ Kg8 28. Rg1# 1-0

[Event "Titled Tuesday intern op 20th Aug Late"]
[Site "Chess.com INT"]
[Date "2024.08.20"]
[Round "11"]
[White "Yordanov, Nikolay Plamenov"]
[Black "Grinev, Valeriy"]
[Result "0-1"]
[WhiteElo "2222"]
[BlackElo "2422"]
[PlyCount "92"]
[EventDate "2024.08.20"]
[EventType "swiss (blitz)"]
[EventRounds "11"]
[EventCountry "USA"]
[SourceTitle "EXT 2025"]
[Source "ChessBase"]
[SourceDate "2024.10.14"]
[SourceVersion "1"]
[SourceVersionDate "2024.10.14"]
[SourceQuality "1"]

1. d4 Nf6 2. Bf4 g6 3. e3 Bg7 4. h3 0-0 5. Nf3 c5 6. Be2 cxd4 7. exd4 d5 8. Nbd2 Nc6 9. c3 a6 10. 0-0 Bf5 11. Ne5 Ne4 12. Nxc6 bxc6 13. f3 Nxd2 14. Qxd2 Qb6 15. Rf2 c5 16. dxc5 Qxc5 17. Bd3 Bxd3 18. Qxd3 e6 19. Be3 Qc6 20. Bd4 e5 21. Be3 Rfd8 22. Qd2 d4 23. cxd4 exd4 24. Bh6 Bh8 25. Qd3 Rac8 26. Re1 a5 27. Rfe2 Qd5 28. Kh1 Qxa2 29. Qa6 Qa4 30. Re7 d3 31. R1e4 d2 32. Bxd2 Qa1+ 33. Re1 Qxb2 34. Bh6 Qb8 35. Rxf7 Re8 36. Rxe8+ Rxe8 37. Rf4 Re1+ 38. Kh2 Be5 39. Qc4+ Kh8 40. Kg3 g5 41. Bxg5 Bxf4+ 42. Bxf4 Qg8+ 43. Kh2 Qxc4 44. Bg3 Re2 45. Bf4 Kg8 46. Be5 Qc2 0-1

[Event "Titled Tuesday intern op 13th Aug Early"]
[Site "Chess.com INT"]
[Date "2024.08.13"]
[Round "10"]
[White "Grinev, Valeriy"]
[Black "Le Goff, Ronan"]
[Result "1-0"]
[WhiteElo "2422"]
[BlackElo "2202"]
[PlyCount "77"]
[EventDate "2024.08.13"]
[EventType "swiss (blitz)"]
[EventRounds "11"]
[EventCountry "USA"]
[SourceTitle "EXT 2025"]
[Source "ChessBase"]
[SourceDate "2024.10.14"]
[SourceVersion "1"]
[SourceVersionDate "2024.10.14"]
[SourceQuality "1"]

1. d4 Nf6 2. c4 e6 3. Nf3 d5 4. e3 a6 5. Nbd2 Bd6 6. Bd3 0-0 7. 0-0 b6 8. e4 dxe4 9. Nxe4 Nbd7 10. Qe2 Bb7 11. Bg5 Be7 12. Rad1 Nxe4 13. Bxe7 Qxe7 14. Bxe4 Bxe4 15. Qxe4 c5 16. d5 Nf6 17. Qe2 Rfe8 18. d6 Qb7 19. Ne5 Rad8 20. Rd3 Nd7 21. Rfd1 Nxe5 22. Qxe5 Rd7 23. h3 Qc6 24. Rg3 g6 25. h4 Red8 26. Rgd3 h5 27. g4 hxg4 28. h5 Kh7 29. hxg6+ Kxg6 30. Rg3 f5 31. Qxe6+ Kg5 32. f4+ Kh5 33. Kf2 Rxd6 34. Qxf5+ Kh6 35. Qxg4 Rd2+ 36. Rxd2 Rxd2+ 37. Ke1 Rh2 38. Qg5+ Kh7 39. Qg7# 1-0

[Event "Titled Tuesday intern op 13th Aug Early"]
[Site "Chess.com INT"]
[Date "2024.08.13"]
[Round "2"]
[White "Vokhidov, Shamsiddin"]
[Black "Grinev, Valeriy"]
[Result "1-0"]
[WhiteElo "2643"]
[BlackElo "2422"]
[PlyCount "95"]
[EventDate "2024.08.13"]
[EventType "swiss (blitz)"]
[EventRounds "11"]
[EventCountry "USA"]
[SourceTitle "EXT 2025"]
[Source "ChessBase"]
[SourceDate "2024.10.14"]
[SourceVersion "1"]
[SourceVersionDate "2024.10.14"]
[SourceQuality "1"]

1. e4 c6 2. Nf3 d5 3. Nc3 Bg4 4. h3 Bxf3 5. Qxf3 dxe4 6. Nxe4 Nd7 7. d4 Ngf6 8. Nd2 e6 9. Bd3 Be7 10. 0-0 0-0 11. Re1 Qc7 12. a4 Rfe8 13. Nc4 Nb6 14. Ne5 Nbd5 15. c3 Red8 16. g3 c5 17. dxc5 Qxc5 18. Kg2 Rac8 19. Bc2 a6 20. a5 h6 21. Bb3 b5 22. axb6 Qxb6 23. Bc2 a5 24. Ra4 Ra8 25. Rg4 Kf8 26. Rc4 Rac8 27. Ra4 Ra8 28. h4 Kg8 29. g4 Bd6 30. Nc4 Qc7 31. g5 hxg5 32. hxg5 Ne8 33. Nxd6 Nxd6 34. Rh4 g6 35. Reh1 Kf8 36. Bxg6 Ke7 37. Rh7 Rf8 38. Bxf7 Rxf7 39. g6 Raf8 40. gxf7 Nxf7 41. Bg5+ Ke8 42. Bh4 Qc6 43. Kh2 Qc4 44. Re1 Qc6 45. c4 Qd6+ 46. Bg3 Ne5 47. Qh5+ Rf7 48. Rxe5 1-0